| 000 | 01066nam0a22002651 4500 | ||
|---|---|---|---|
| 001 | rc\984424 | ||
| 005 | 20250622065431.0 | ||
| 035 | _a(NLR Aleph) 006152126 | ||
| 090 |
_a5773570 _c5773570 |
||
| 100 | _a20041129d1981 |||y0rusy50 ca | ||
| 101 | 0 | _arus | |
| 102 | _aRU | ||
| 105 | _aa ||||||||| | ||
| 200 | 1 |
_aРусский язык _eУчебник для 8-го кл. татар. школы _fН.А. Андрамонова, Г.К. Хамзина, П.Ш. Абдуллина _gПод ред. Н.А. Андрамоновой |
|
| 205 | _a7-е изд. | ||
| 210 |
_aКазань _cТатар. кн. изд-во _d1981 |
||
| 215 |
_a160 с., 2 л. ил. _cил. _d22 |
||
| 700 | 1 |
_4340 _7ca _8rus _aАндрамонова _bН. А. _f1930- _gНаталия Алексеевна _9258551 _3RU\NLR\AUTH\770258607 |
|
| 701 | 1 |
_aХамзина _bГ.К. _gГульшат Касымовна |
|
| 701 | 1 |
_aАбдуллина _bП.Ш. _gПакиза Шакировна |
|
| 801 | 0 |
_aRU _bNLR _gpsbo |
|
| 801 | 1 |
_aRU _bELAR _2rusmarc |
|
| 852 |
_aNLR _j81-5/3690 |
||
| 942 | _cBOOK | ||
| 980 | _aNB | ||